000
00307nam a2200145Ia 4500
100
_a
Boctor/S.A
250
_a
2
942
_c
BK
654
_a
Circuits
245
_a
Electric Circuits Analysis
260
_b
Prentice -Hall
_a
Bombay
_c
1996
082
_a
621.3192
_b
BOC
300
_a
856
546
_a
ENGLISH
999
_c
19322
_d
19322